000
00275nam a22001097a 4500
008
170120b xxu||||| |||| 00| 0 eng d
020
_a
0838506348
041
_a
eng
080
_2
2ND
_a
6182
245
_a
BEHAVIORAL OBJECTIES-EVALUATION IN NURSING
_c
REILLY, D.E
942
_2
udc
_c
BK
999
_c
3210
_d
3210